<?xml version="1.0" encoding="UTF-8"?>
<record
    xmlns:xsi="http://www.w3.org/2001/XMLSchema-instance"
    xsi:schemaLocation="http://www.loc.gov/MARC21/slim http://www.loc.gov/standards/marcxml/schema/MARC21slim.xsd"
    xmlns="http://www.loc.gov/MARC21/slim">

  <leader>00723nam a22001817a 4500</leader>
  <controlfield tag="001">10096</controlfield>
  <controlfield tag="003">FISKH</controlfield>
  <controlfield tag="005">20260408100913.0</controlfield>
  <controlfield tag="008">260408b        cb ||||| |||| 00| 0 eng d</controlfield>
  <datafield tag="040" ind1=" " ind2=" ">
    <subfield code="a">FISKH</subfield>
    <subfield code="b">chi</subfield>
    <subfield code="c">FISKH</subfield>
    <subfield code="d">FISKH</subfield>
  </datafield>
  <datafield tag="100" ind1=" " ind2=" ">
    <subfield code="a">&#x67DA;&#x5B50;</subfield>
  </datafield>
  <datafield tag="245" ind1=" " ind2=" ">
    <subfield code="a">&#x5927;&#x5C71;&#x4E0B;&#x7684;&#x5C0F;&#x767D;&#x9A6C; /</subfield>
    <subfield code="c">By &#x67DA;&#x5B50;</subfield>
  </datafield>
  <datafield tag="300" ind1=" " ind2=" ">
    <subfield code="a">20 pages : </subfield>
    <subfield code="b">color illustrations ; </subfield>
    <subfield code="c">21 cm .</subfield>
  </datafield>
  <datafield tag="520" ind1=" " ind2=" ">
    <subfield code="a">&#x300A;&#x5927;&#x5C71;&#x4E0B;&#x7684;&#x5C0F;&#x767D;&#x9A6C;&#x300B;&#x8B1B;&#x8FF0;&#x4E86;&#x4E00;&#x5339;&#x751F;&#x6D3B;&#x5728;&#x5927;&#x5C71;&#x4E0B;&#x7684;&#x5C0F;&#x767D;&#x99AC;&#x7684;&#x6545;&#x4E8B;&#x3002;&#x66F8;&#x4E2D;&#x4EE5;&#x7C21;&#x55AE;&#x7684;&#x8A9E;&#x8A00;&#x548C;&#x751F;&#x52D5;&#x7684;&#x63D2;&#x5716;&#xFF0C;&#x63CF;&#x8FF0;&#x5C0F;&#x767D;&#x99AC;&#x5728;&#x5C71;&#x4E0B;&#x7684;&#x65E5;&#x5E38;&#x751F;&#x6D3B;&#x3001;&#x9047;&#x898B;&#x7684;&#x670B;&#x53CB;&#x4EE5;&#x53CA;&#x7260;&#x7684;&#x5192;&#x96AA;&#x6216;&#x767C;&#x73FE;&#x3002;&#x6574;&#x9AD4;&#x6545;&#x4E8B;&#x8F15;&#x9B06;&#x6EAB;&#x99A8;&#xFF0C;&#x9069;&#x5408;&#x521D;&#x5B78;&#x4E2D;&#x6587;&#x7684;&#x5152;&#x7AE5;&#x95B1;&#x8B80;&#x3002;</subfield>
  </datafield>
  <datafield tag="700" ind1=" " ind2=" ">
    <subfield code="a">&#x4E00;&#x83E1;&#x202F;</subfield>
  </datafield>
  <datafield tag="942" ind1=" " ind2=" ">
    <subfield code="2">ddc</subfield>
    <subfield code="c">BOOK</subfield>
    <subfield code="n">0</subfield>
  </datafield>
  <datafield tag="999" ind1=" " ind2=" ">
    <subfield code="c">10096</subfield>
    <subfield code="d">10096</subfield>
  </datafield>
  <datafield tag="952" ind1=" " ind2=" ">
    <subfield code="0">0</subfield>
    <subfield code="1">0</subfield>
    <subfield code="2">ddc</subfield>
    <subfield code="4">0</subfield>
    <subfield code="7">0</subfield>
    <subfield code="8">REF</subfield>
    <subfield code="a">002</subfield>
    <subfield code="b">002</subfield>
    <subfield code="c">LSHTTP</subfield>
    <subfield code="d">2026-04-08</subfield>
    <subfield code="l">0</subfield>
    <subfield code="o">&#x67DA;&#x5B50;</subfield>
    <subfield code="p">2026-0468</subfield>
    <subfield code="r">2026-04-08 10:09:10</subfield>
    <subfield code="w">2026-04-08</subfield>
    <subfield code="y">BOOK</subfield>
  </datafield>
</record>
